000 00304nam a22001457a 4500
008 210303b ||||| |||| 00| 0 eng d
020 _a9781269697958
041 _aeng
080 _a82
082 _a82
100 _a21
101 _aGJL
245 _aAmerican Literature
_cBowe, D
942 _2udc
_cBK
999 _c55661
_d55661